15 największych miast Beneluksu - Statystyki

Ogólne statystyki
  • Ten quiz został rozwiązany 137 razy
  • Średni wynik to 9 z 15
Statystyki odpowiedzi
Ludność Miasto % Poprawnych
185 103 Bruksela
100%
872 779 Amsterdam
99%
651 376 Rotterdam
96%
545 163 Haga
87%
529 247 Antwerpia
79%
234 456 Eindhoven
71%
263 927 Gandawa
71%
357 694 Utrecht
55%
197 217 Liège
51%
232 922 Groningen
45%
184 271 Breda
32%
202 746 Charleroi
32%
219 800 Tilburg
23%
177 698 Nijmegen
21%
211 840 Almere
7%
Nie znaleziono quizów pasujących do podanych kryteriów
Rozkład punktacji
Procent ludzi z każdym wynikiem
Percentyl według liczby udzielonych odpowiedzi
Twoja historia wyników
Nie rozwiązałeś tego quizu